书目信息 |
| 题名: |
趣说汉字
|
|
| 作者: | 陈基发 主编 | |
| 分册: | ||
| 出版信息: | 北京 新世界出版社 2008.01 |
|
| 页数: | 553页 | |
| 开本: | 20cm | |
| 丛书名: | ||
| 单 册: | ||
| 中图分类: | H1-49 | |
| 科图分类: | ||
| 主题词: | 汉语 | |
| 电子资源: | ||
| ISBN: | 7-80228-577-1 | |
| 000 | 00573nam0 2200205 450 | |
| 001 | 2638125354 | |
| 005 | 20260414103756.36 | |
| 010 | @a7-80228-577-1@dCNY39.80 | |
| 100 | @a20260414d2008 km y0chiy0120 ea | |
| 101 | 0 | @achi |
| 102 | @aCN@b110000 | |
| 102 | @aCN@b110000 | |
| 200 | 1 | @a趣说汉字@AQu Shuo Han Zi@f陈基发主编@FChen Ji Fa Zhu Bian |
| 210 | @a北京@c新世界出版社@d2008.01 | |
| 215 | @a553页@d20cm | |
| 606 | 0 | @a汉语 |
| 690 | @aH1-49@v4 | |
| 701 | 0 | @a陈基发@AChen Ji Fa@4主编 |
| 801 | 0 | @aCN@b大连网信软件有限公司图书馆·11@c20260414 |
| 905 | @aZUCC@dH1-49@e222 | |
| 趣说汉字/陈基发主编.-北京:新世界出版社,2008.01 |
| 553页;20cm |
| ISBN 7-80228-577-1:CNY39.80 |
| ● |
| 相关链接 |
|
|
|
|
正题名:趣说汉字
索取号:H1-49/222
 
预约/预借
| 序号 | 登录号 | 条形码 | 馆藏地/架位号 | 状态 | 备注 |
| 1 | 1442648 | 214426487 | 第二样本阅览室/ [索取号:H1-49/222] | 在馆 |